000 01183nmc a2200373 a 4500
003 AR-BaBNM
005 20251128210031.0
008 021020s1996 ||||||||||||||000 | spa||
020 _a84-277-1181-6
040 _cAR-BaBNM
100 1 _aSánchez de Medina Contreras, María Rosa
245 1 0 _aTaller de argumentación oral y escrita
_bpromover valores a través de textos diversos. 1 : el área de lengua y la educación en valores
260 _aMadrid
_bNarcea
_c1996
300 _a156 p.
_bil.
490 0 _aMateriales 12-16 para educación secundaria
504 _aBibliografía p. 21-24
650 4 _aENSEÑANZA DE LA LENGUA MATERNA
650 4 _aENSEÑANZA DE LA ESCRITURA
650 4 _aENSEÑANZA DE LA EXPRESION ORAL
650 4 _aPLANIFICACION
650 4 _aOBJETIVOS EDUCACIONALES
650 4 _aEDUCACION PARA LA PAZ
650 4 _aGUIA DEL DOCENTE
650 4 _aGUIA DEL ESTUDIANTE
650 4 _aMETODOS DE ENSEÑANZA
650 4 _aTALLERES
650 4 _aTRABAJO EN EQUIPO
650 4 _aEVALUACION
653 _aANALISIS DEL DISCURSO
653 _aEDUCACION EN VALORES
653 _aTEMAS TRANSVERSALES
942 _cBK
998 _creynoso
999 _c13791
_d13791